| 000 | 00989nam a22003017a 4500 | ||
|---|---|---|---|
| 001 | BR8501908 | ||
| 003 | BR-BrBNA | ||
| 005 | 20230928092134.0 | ||
| 007 | ta | ||
| 008 | 230509b bl.||||| |||| 00| 0 por d | ||
| 040 |
_aBR-BrBNA _bpor _cBiblioteca Nacional de Agricultura |
||
| 041 | _a(Por) | ||
| 072 |
_aL53 _b5213 |
||
| 090 | _ 5213 BR8501908 | ||
| 100 | 1 | _aOkuda, H.T. | |
| 110 | 1 |
_aUniversidade de Sao Paulo, Sao Paulo (Brasil). Faculdade de Medicina Veterinaria e Zootecnia _0Dissertacao (Mestre) |
|
| 245 | 1 | _aAspectos da eficiencia reprodutiva em um rebanho de novilhas da raca guzera [gado de corte] | |
| 246 | 1 | _aAspects of the reproductive efficiency in Guzera heifers [beef cattle] | |
| 260 | 3 |
_aSao Paulo, SP (Brasil): _c1985. |
|
| 300 | _a27 p. | ||
| 500 | _aSummaries (Eng, Por); 27 ref. | ||
| 650 | _aGADO GUZERA | ||
| 650 | _aNOVILHO | ||
| 650 | _aEFICIENCIA REPRODUTIVA | ||
| 650 | _aFECUNDACAO | ||
| 909 |
_a202309 _bLucia _c55 _dLucia Elande |
||
| 942 | _cBK | ||
| 999 |
_c37331 _d37331 |
||